Better, faster email : getting the most out of mail /
This book is about: How is email communication different?; How can I write better email messages?; ...
Zapisane w:
| 1. autor: | |
|---|---|
| Format: | Książka |
| Język: | English |
| Wydane: |
St Leonards, N.S.W. :
Allen and Unwin,
1999.
|
| Hasła przedmiotowe: | |
| Etykiety: |
Dodaj etykietę
Nie ma etykietki, Dołącz pierwszą etykiete!
|
| Thư viện lưu trữ: | Mạng thư viện Đại học Đà Nẵng |
|---|
| LEADER | 01091cam a2200361 i 4500 | ||
|---|---|---|---|
| 001 | 000047824 | ||
| 003 | 7518 | ||
| 005 | 20060220155032.0 | ||
| 008 | 010326b1999 vm 000 eng | ||
| 020 | |a 1864488999 | ||
| 040 | |a IRC |c IRC |d IRC | ||
| 041 | 0 | |a eng | |
| 082 | 1 | 4 | |a 384.34 |b TU-J |
| 100 | 1 | |a Tunstall, Joan. | |
| 245 | 1 | 0 | |a Better, faster email : |b getting the most out of mail / |c Joan Tunstall. |
| 246 | 3 | 3 | |a Better, faster e-mail : |b getting the most out of mail. |
| 260 | |a St Leonards, N.S.W. : |b Allen and Unwin, |c 1999. | ||
| 300 | |a ix, 179 p. ; |c 19.5 cm. | ||
| 520 | 3 | |a This book is about: How is email communication different?; How can I write better email messages?; ... | |
| 630 | 0 | 4 | |a Electronic mail systems. |
| 630 | 0 | 4 | |a Written communication. |
| 650 | 0 | 4 | |a Electronic mail systems. |
| 650 | 0 | 4 | |a Written communication. |
| OWN | |a DUT | ||
| 999 | |a From the UDN01 | ||
| TYP | |a Monograph | ||
| TYP | |a Printed language | ||
| 980 | |a Mạng thư viện Đại học Đà Nẵng | ||


